[Event "GER Pfingstopen U25"]
[Site "Playchess.com INT"]
[Date "2020.06.02"]
[Round "11"]
[White "Dauner, Benedikt"]
[Black "Traetmar, Mattis"]
[Result "1-0"]
[WhiteElo "2053"]
[BlackElo "1888"]
[PlyCount "85"]
[EventDate "2020.06.02"]
[EventType "swiss (blitz)"]
[EventRounds "11"]
[EventCountry "GER"]
[SourceTitle "CBM 197 Extra"]
[Source "ChessBase"]
[SourceDate "2020.09.30"]
[SourceVersion "1"]
[SourceVersionDate "2020.09.30"]
[SourceQuality "1"]

1. d4 e6 2. Bf4 d5 3. e3 Nf6 4. Nd2 Bd6 5. Bg3 0-0 6. Ngf3 c5 7. c3 b6 8. Bd3 Bb7 9. Ne5 Qc7 10. f4 Nc6 11. Qf3 Ne7 12. Bh4 Ne8 13. Qh3 f5 14. g4 Nf6 15. gxf5 exf5 16. Bxf6 Rxf6 17. Ndf3 c4 18. Bc2 b5 19. Kd2 b4 20. Rhg1 bxc3+ 21. bxc3 g6 22. Qh4 Kg7 23. Ng5 h6 24. Ngf3 Raf8 25. Rg2 Kh7 26. Rag1 Kg7 27. Qh5 Bxe5 28. Nxe5 Qd6 29. Qf3 Bc8 30. h4 Be6 31. h5 Bf7 32. hxg6 Bxg6 33. Qh3 Rh8 34. Bd1 h5 35. Rg5 Kf8 36. Nxg6+ Nxg6 37. Rxf5 Rxf5 38. Qxf5+ Ke7 39. Rxg6 Qa3 40. Qf6+ Kd7 41. Rg7+ Kc8 42. Qc6+ Kd8 43. Qd7# 1-0

[Event "GER Pfingstopen U25"]
[Site "Playchess.com INT"]
[Date "2020.06.02"]
[Round "7"]
[White "Malinowsky, Celina"]
[Black "Traetmar, Mattis"]
[Result "0-1"]
[WhiteElo "1620"]
[BlackElo "1888"]
[PlyCount "66"]
[EventDate "2020.06.02"]
[EventType "swiss (blitz)"]
[EventRounds "11"]
[EventCountry "GER"]
[SourceTitle "CBM 197 Extra"]
[Source "ChessBase"]
[SourceDate "2020.09.30"]
[SourceVersion "1"]
[SourceVersionDate "2020.09.30"]
[SourceQuality "1"]

1. e4 c5 2. Nc3 a6 3. f4 b5 4. Nf3 Bb7 5. g3 e6 6. Bg2 h5 7. d3 Nh6 8. 0-0 Be7 9. Bd2 Nc6 10. Qe1 b4 11. Ne2 Qb6 12. Be3 Ng4 13. Bf2 Nxf2 14. Qxf2 0-0 15. d4 cxd4 16. Nexd4 Bc5 17. Rfd1 d6 18. c3 bxc3 19. bxc3 e5 20. Rab1 Qa7 21. Nxc6 Bxf2+ 22. Kf1 Bxc6 23. Nd2 Bb5+ 24. c4 Ba4 25. Rdc1 Qe3 26. Nf3 Rab8 27. Rxb8 Rxb8 28. fxe5 Qxc1+ 29. Kxf2 Rb2+ 30. Nd2 Qxd2+ 31. Kf3 Qxg2+ 32. Ke3 Qf2+ 33. Kd3 Qd2# 0-1

[Event "GER Pfingstopen U25"]
[Site "Playchess.com INT"]
[Date "2020.06.02"]
[Round "3"]
[White "Traetmar, Mattis"]
[Black "Koelle, Tobias"]
[Result "0-1"]
[WhiteElo "1888"]
[BlackElo "2363"]
[PlyCount "116"]
[EventDate "2020.06.02"]
[EventType "swiss (blitz)"]
[EventRounds "11"]
[EventCountry "GER"]
[SourceTitle "CBM 197 Extra"]
[Source "ChessBase"]
[SourceDate "2020.09.30"]
[SourceVersion "1"]
[SourceVersionDate "2020.09.30"]
[SourceQuality "1"]

1. e4 e5 2. Nf3 Nc6 3. Bb5 a6 4. Ba4 Nf6 5. 0-0 Be7 6. Re1 b5 7. Bb3 0-0 8. c3 d5 9. exd5 Nxd5 10. d4 exd4 11. cxd4 Bf6 12. Nc3 Nb6 13. d5 Ne7 14. Nd4 Bb7 15. Be3 Nexd5 16. Nxd5 Nxd5 17. Qh5 Nxe3 18. fxe3 g6 19. Qh6 Bg7 20. Qf4 c5 21. Nf3 c4 22. Rad1 Qe7 23. Bc2 Rad8 24. h4 Rxd1 25. Rxd1 Rd8 26. Rf1 Qd6 27. Qg4 Bc8 28. Qg5 h6 29. Qf4 Qxf4 30. exf4 Bxb2 31. a4 Bb7 32. axb5 axb5 33. Rb1 Bxf3 34. gxf3 Bd4+ 35. Kf1 Rb8 36. Ba4 b4 37. Ke2 Ra8 38. Rxb4 Bf6 39. Rxc4 Bxh4 40. Kd3 Bf6 41. Ke4 Kg7 42. Kd5 Ra5+ 43. Ke4 h5 44. Be8 Ra7 45. Bc6 Re7+ 46. Kd3 h4 47. Re4 Rc7 48. Ba4 h3 49. Re2 Rc3+ 50. Kd2 Rxf3 51. Bd7 Rg3 52. Bc8 Bd4 53. Ke1 Bg1 54. Kf1 h2 55. Rg2 Rf3+ 56. Ke2 Re3+ 57. Kf1 h1Q 58. Rxg1 Qf3# 0-1

[Event "GER Cup Net V4 U2400"]
[Site "Playchess.com INT"]
[Date "2020.05.31"]
[Round "3"]
[White "Peng, Xiang Tobias"]
[Black "Traetmar, Mattis"]
[Result "1-0"]
[WhiteElo "2039"]
[BlackElo "1888"]
[PlyCount "51"]
[EventDate "2020.05.31"]
[EventType "swiss (blitz)"]
[EventRounds "9"]
[EventCountry "GER"]
[SourceTitle "EXT 2021"]
[Source "ChessBase"]
[SourceDate "2020.10.23"]
[SourceVersion "1"]
[SourceVersionDate "2020.10.23"]
[SourceQuality "1"]

1. e4 c5 2. Nf3 d6 3. d4 cxd4 4. Nxd4 Nf6 5. Nc3 a6 6. Be3 e5 7. Nf3 Be7 8. h3 h6 9. g4 Be6 10. Nh4 Nc6 11. Nf5 Bxf5 12. exf5 d5 13. Bd2 d4 14. Ne2 e4 15. Bg2 Ne5 16. Ng3 d3 17. 0-0 dxc2 18. Qxc2 Rc8 19. Qa4+ b5 20. Qxa6 0-0 21. Bc3 Nf3+ 22. Kh1 Bd6 23. Bxf6 Qxf6 24. Nxe4 Qe5 25. Qxd6 Qxe4 26. Qg3 1-0

[Event "GER Cup Net V4 U2400"]
[Site "Playchess.com INT"]
[Date "2020.05.31"]
[Round "5"]
[White "Schulz, Michael4"]
[Black "Traetmar, Mattis"]
[Result "0-1"]
[WhiteElo "1997"]
[BlackElo "1872"]
[PlyCount "44"]
[EventDate "2020.05.31"]
[EventType "swiss (blitz)"]
[EventRounds "9"]
[EventCountry "GER"]
[SourceTitle "EXT 2021"]
[Source "ChessBase"]
[SourceDate "2020.10.23"]
[SourceVersion "1"]
[SourceVersionDate "2020.10.23"]
[SourceQuality "1"]

1. d4 Nf6 2. Bg5 d5 3. Bxf6 exf6 4. e3 Bd6 5. c4 c6 6. cxd5 cxd5 7. Nc3 0-0 8. g3 Re8 9. Bg2 Bb4 10. Nge2 Bg4 11. Qb3 Bxe2 12. Kxe2 Nc6 13. Nxd5 Nxd4+ 14. Kf1 Nxb3 15. axb3 Bc5 16. Bf3 Rc8 17. Kg2 Re5 18. Rhd1 Qe8 19. b4 Bb6 20. Nxb6 axb6 21. Bxb7 Rd8 22. Bc6 Qxc6+ 0-1

[Event "GER Cup Net V4 U2400"]
[Site "Playchess.com INT"]
[Date "2020.05.31"]
[Round "7"]
[White "Traetmar, Mattis"]
[Black "Junge, Kai"]
[Result "1-0"]
[WhiteElo "1919"]
[BlackElo "2086"]
[PlyCount "53"]
[EventDate "2020.05.31"]
[EventType "swiss (blitz)"]
[EventRounds "9"]
[EventCountry "GER"]
[SourceTitle "EXT 2021"]
[Source "ChessBase"]
[SourceDate "2020.10.23"]
[SourceVersion "1"]
[SourceVersionDate "2020.10.23"]
[SourceQuality "1"]

1. e4 Nf6 2. e5 Nd5 3. d4 d6 4. c4 Nb6 5. exd6 cxd6 6. Nc3 g6 7. h3 Bg7 8. Nf3 0-0 9. Be2 Bf5 10. 0-0 Nc6 11. Be3 d5 12. c5 Nc4 13. Bxc4 dxc4 14. Qa4 Bd3 15. Rfd1 e5 16. d5 Nd4 17. Ne1 b5 18. Nxb5 Qxd5 19. Nc7 Qe4 20. Nxa8 Ne2+ 21. Kh1 Ng3+ 22. fxg3 Qxe3 23. Nc7 Be2 24. Nd5 Qxg3 25. Rd2 Bh5 26. Qxc4 e4 27. Qb3 1-0

[Event "GER Cup Net V2 U2400"]
[Site "Playchess.com INT"]
[Date "2020.05.22"]
[Round "1"]
[White "Brunke, Christian"]
[Black "Traetmar, Mattis"]
[Result "1-0"]
[WhiteElo "2141"]
[BlackElo "1918"]
[PlyCount "75"]
[EventDate "2020.05.22"]
[EventType "swiss (blitz)"]
[EventRounds "9"]
[EventCountry "GER"]
[SourceTitle "EXT 2021"]
[Source "ChessBase"]
[SourceDate "2020.10.23"]
[SourceVersion "1"]
[SourceVersionDate "2020.10.23"]
[SourceQuality "1"]

1. e4 c5 2. b3 Nc6 3. Bb2 Nf6 4. e5 Nd5 5. Nf3 e6 6. c4 Nc7 7. d4 cxd4 8. Nxd4 Nxe5 9. Nxe6 Nxe6 10. Bxe5 Qa5+ 11. Bc3 Qc7 12. Be2 Bd6 13. h3 0-0 14. 0-0 Bh2+ 15. Kh1 Ng5 16. Nd2 d5 17. Nf3 Nxf3 18. Bxf3 dxc4 19. Qd4 f6 20. Bd5+ Kh8 21. f4 Bg3 22. Rf3 Bh4 23. g3 Bxh3 24. gxh4 Bg4 25. Rg3 h5 26. Qxc4 Qb6 27. Bd4 Qd6 28. Bc5 Qd7 29. Bxf8 Rxf8 30. Rag1 Rc8 31. Qe4 Re8 32. Qd3 Rd8 33. Be4 Qc7 34. Qb5 Qxf4 35. Rxg4 hxg4 36. Qh5+ Kg8 37. Bd5+ Kf8 38. Qf7# 1-0

[Event "GER Cup Net V2 U2400"]
[Site "Playchess.com INT"]
[Date "2020.05.22"]
[Round "4"]
[White "Traetmar, Mattis"]
[Black "Tiarks, Jann Christian"]
[Result "1-0"]
[WhiteElo "1918"]
[BlackElo "2046"]
[PlyCount "59"]
[EventDate "2020.05.22"]
[EventType "swiss (blitz)"]
[EventRounds "9"]
[EventCountry "GER"]
[SourceTitle "EXT 2021"]
[Source "ChessBase"]
[SourceDate "2020.10.23"]
[SourceVersion "1"]
[SourceVersionDate "2020.10.23"]
[SourceQuality "1"]

1. e4 c5 2. Nf3 d6 3. d4 cxd4 4. Nxd4 Nf6 5. Nc3 a6 6. Bg5 e5 7. Nf3 Be7 8. Be2 0-0 9. 0-0 b5 10. Bxf6 Bxf6 11. Nd5 Bb7 12. Qd2 g6 13. Rad1 Bg7 14. Rfe1 Nd7 15. Bf1 Nc5 16. Nc3 b4 17. Nd5 a5 18. Bc4 Rc8 19. b3 Kh8 20. h3 h6 21. a3 bxa3 22. Ra1 f5 23. exf5 gxf5 24. Rxa3 a4 25. bxa4 Ne4 26. Qb4 Bxd5 27. Bxd5 Rxc2 28. a5 Qc7 29. a6 Qb7 30. axb7 1-0

[Event "GER Cup Net V1 U2400"]
[Site "Playchess.com INT"]
[Date "2020.05.19"]
[Round "2"]
[White "Plischki, Sebastian"]
[Black "Traetmar, Mattis"]
[Result "0-1"]
[WhiteElo "2154"]
[BlackElo "1894"]
[PlyCount "86"]
[EventDate "2020.05.19"]
[EventType "swiss (blitz)"]
[EventRounds "9"]
[EventCountry "GER"]
[SourceTitle "EXT 2021"]
[Source "ChessBase"]
[SourceDate "2020.10.23"]
[SourceVersion "1"]
[SourceVersionDate "2020.10.23"]
[SourceQuality "1"]

1. Nf3 Nf6 2. c4 g6 3. Nc3 Bg7 4. e4 d5 5. cxd5 0-0 6. d4 c6 7. dxc6 Nxc6 8. Be2 Bg4 9. d5 Nb8 10. 0-0 Nbd7 11. Be3 a6 12. h3 Bxf3 13. Bxf3 Ne5 14. Be2 Rc8 15. f4 Nc4 16. Bxc4 Rxc4 17. e5 Nh5 18. g4 Nxf4 19. Bxf4 Qb6+ 20. Rf2 Rxf4 21. Qd2 Bxe5 22. Kg2 Rxf2+ 23. Qxf2 Qxf2+ 24. Kxf2 Bxc3 25. bxc3 Rc8 26. Rc1 Rc5 27. c4 b5 28. Re1 bxc4 29. Rxe7 Rxd5 30. Rc7 Rd2+ 31. Kg3 Rxa2 32. Rxc4 a5 33. g5 a4 34. Rc7 Kg7 35. Ra7 a3 36. h4 Ra1 37. Kh3 a2 38. Kg2 h6 39. Ra8 hxg5 40. hxg5 Kh7 41. Kh2 Kg7 42. Kg2 Rd1 43. Rxa2 Rd5 0-1

[Event "GER Cup Net V1 U2400"]
[Site "Playchess.com INT"]
[Date "2020.05.19"]
[Round "7"]
[White "Tiarks, Jann Christian"]
[Black "Traetmar, Mattis"]
[Result "0-1"]
[WhiteElo "2059"]
[BlackElo "1903"]
[PlyCount "50"]
[EventDate "2020.05.19"]
[EventType "swiss (blitz)"]
[EventRounds "9"]
[EventCountry "GER"]
[SourceTitle "EXT 2021"]
[Source "ChessBase"]
[SourceDate "2020.10.23"]
[SourceVersion "1"]
[SourceVersionDate "2020.10.23"]
[SourceQuality "1"]

1. e4 c5 2. Nf3 d6 3. Bb5+ Nd7 4. 0-0 a6 5. Bd3 e6 6. Re1 Ngf6 7. c3 Be7 8. Bc2 0-0 9. d4 cxd4 10. cxd4 e5 11. Nc3 exd4 12. Nxd4 Ne5 13. h3 Re8 14. Bg5 h6 15. Bxf6 Bxf6 16. Nd5 Be6 17. Rc1 Bxd5 18. exd5 Qa5 19. f4 Qb6 20. Kh1 Ng6 21. Nf5 Rxe1+ 22. Qxe1 Nxf4 23. Qg3 Ne2 24. Nxh6+ Kf8 25. Qf2 Qxf2 0-1

[Event "GER Cup Net V1 U2400"]
[Site "Playchess.com INT"]
[Date "2020.05.19"]
[Round "3"]
[White "Traetmar, Mattis"]
[Black "Cofman, Veaceslav"]
[Result "0-1"]
[WhiteElo "1922"]
[BlackElo "2137"]
[PlyCount "113"]
[EventDate "2020.05.19"]
[EventType "swiss (blitz)"]
[EventRounds "9"]
[EventCountry "GER"]
[SourceTitle "EXT 2021"]
[Source "ChessBase"]
[SourceDate "2020.10.23"]
[SourceVersion "1"]
[SourceVersionDate "2020.10.23"]
[SourceQuality "1"]

1. e4 e6 2. d4 d5 3. Nc3 Nf6 4. e5 Nfd7 5. f4 c5 6. Nf3 Nc6 7. Be3 a6 8. Qd2 b5 9. dxc5 Bxc5 10. Bd3 Qb6 11. Bf2 f6 12. exf6 Nxf6 13. Bxc5 Qxc5 14. 0-0-0 Bd7 15. f5 0-0 16. fxe6 Bxe6 17. Ng5 Bg4 18. Rde1 Rae8 19. Rxe8 Rxe8 20. h3 Bc8 21. Qf4 Qe3+ 22. Qxe3 Rxe3 23. Kd2 Rg3 24. Nf3 Rxg2+ 25. Ne2 Ne4+ 26. Bxe4 dxe4 27. Ne1 Rg6 28. Ke3 Ne5 29. Kxe4 Bb7+ 30. Kxe5 Bxh1 31. Nf4 Rg1 32. Ned3 Kf7 33. Kd6 Be4 34. Ne5+ Kf6 35. Nh5+ Kf5 36. Ng4 g5 37. Ng7+ Kg6 38. Ne6 Rd1+ 39. Ke7 Bf5 40. Ne5+ Kh6 41. Nf7+ Kh5 42. Nc5 Bxh3 43. Ne4 Re1 44. Nfd6 Bf5 45. Nxf5 Rxe4+ 46. Kf6 Rf4 47. b3 Rxf5+ 48. Kxf5 g4 49. Kf4 Kh4 50. c4 bxc4 51. bxc4 g3 52. Kf3 Kh3 53. c5 g2 54. c6 g1Q 55. c7 Qc5 56. Ke4 Qxc7 57. Kf5 0-1

[Event "GER-ch Net Amateur Gr-A Vor3"]
[Site "Playchess.com INT"]
[Date "2020.04.16"]
[Round "5"]
[White "Gaitzsch, Martin"]
[Black "Traetmar, Mattis"]
[Result "0-1"]
[WhiteElo "1808"]
[BlackElo "1896"]
[PlyCount "66"]
[EventDate "2020.04.16"]
[EventType "swiss (blitz)"]
[EventRounds "9"]
[EventCountry "GER"]
[SourceTitle "CBM 195 Extra"]
[Source "ChessBase"]
[SourceDate "2020.05.31"]
[SourceVersion "1"]
[SourceVersionDate "2020.05.31"]
[SourceQuality "1"]

1. c4 e5 2. g3 d6 3. Bg2 f5 4. Nc3 Nf6 5. e4 c6 6. d3 Be7 7. Nge2 0-0 8. 0-0 Qe8 9. f3 Na6 10. Bg5 Qh5 11. Be3 f4 12. gxf4 Nc5 13. fxe5 dxe5 14. d4 exd4 15. Nxd4 Bd6 16. f4 Bg4 17. Qe1 Rae8 18. e5 Nd3 19. Qg3 Nxe5 20. fxe5 Bxe5 21. Rf4 Bxf4 22. Bxf4 Qc5 23. Be3 Nh5 24. Qxg4 Rxe3 25. Kh1 Nf6 26. Qh4 Rfe8 27. Rd1 g5 28. Qh6 Re1+ 29. Bf1 Rxd1 30. Nxd1 Qxd4 31. Qxg5+ Kh8 32. Nc3 Rg8 33. Qf5 Rg1# 0-1

[Event "GER-ch Net Amateur Gr-A Vor3"]
[Site "Playchess.com INT"]
[Date "2020.04.16"]
[Round "2"]
[White "Vatter, Hans Joachim"]
[Black "Traetmar, Mattis"]
[Result "1-0"]
[WhiteElo "2102"]
[BlackElo "1922"]
[PlyCount "149"]
[EventDate "2020.04.16"]
[EventType "swiss (blitz)"]
[EventRounds "9"]
[EventCountry "GER"]
[SourceTitle "CBM 195 Extra"]
[Source "ChessBase"]
[SourceDate "2020.05.31"]
[SourceVersion "1"]
[SourceVersionDate "2020.05.31"]
[SourceQuality "1"]

1. e4 c5 2. Nf3 d6 3. d4 cxd4 4. Qxd4 Nf6 5. Bg5 Nc6 6. Bb5 e5 7. Qd3 a6 8. Ba4 b5 9. Bb3 h6 10. Bxf6 Qxf6 11. Nc3 Bb7 12. Nd5 Qd8 13. 0-0-0 Rc8 14. Kb1 Qa5 15. c3 b4 16. c4 Qc5 17. Rd2 a5 18. Ba4 Ba6 19. Rc1 Be7 20. Bb5 Bb7 21. Rcd1 Rd8 22. h4 Rd7 23. g4 0-0 24. g5 h5 25. Rg1 g6 26. Rgd1 Ra8 27. Bxc6 Bxc6 28. Ne1 Bxd5 29. Qxd5 Qxd5 30. Rxd5 a4 31. c5 Rad8 32. Nf3 Kf8 33. Nxe5 Rc7 34. cxd6 Bxd6 35. Rxd6 Re8 36. Rd7 Rxd7 37. Nxd7+ Ke7 38. Nf6 Rc8 39. f4 Ke6 40. Rc1 Rd8 41. Rc6+ Ke7 42. Rc7+ Ke6 43. Nd5 f5 44. Re7+ Kd6 45. Rg7 fxe4 46. Ne3 Kc5 47. Rxg6 Rd3 48. Nc2 b3 49. axb3 axb3 50. Kc1 bxc2 51. Kxc2 Rh3 52. f5 Rxh4 53. f6 Rf4 54. Rg7 h4 55. f7 h3 56. g6 e3 57. Kd3 Rf3 58. Rh7 e2+ 59. Kxe2 Rf6 60. Rxh3 Re6+ 61. Re3 Rf6 62. Rf3 Re6+ 63. Kf2 Rxg6 64. f8Q+ Rd6 65. Rf6 Kc4 66. Qxd6 Kb3 67. Rf3+ Ka2 68. Qa3+ Kb1 69. b4 Kc2 70. b5 Kb1 71. b6 Kc2 72. b7 Kd1 73. b8Q Kc2 74. Qbb2+ Kd1 75. Qaa1# 1-0

[Event "GER-ch Net Amateur Gr-A Vor2"]
[Site "Playchess.com INT"]
[Date "2020.04.15"]
[Round "6"]
[White "Traetmar, Mattis"]
[Black "Brunke, Christian"]
[Result "0-1"]
[WhiteElo "1903"]
[BlackElo "2071"]
[PlyCount "108"]
[EventDate "2020.04.15"]
[EventType "swiss (blitz)"]
[EventRounds "9"]
[EventCountry "GER"]
[SourceTitle "CBM 196 Extra"]
[Source "ChessBase"]
[SourceDate "2020.07.31"]
[SourceVersion "1"]
[SourceVersionDate "2020.07.31"]
[SourceQuality "1"]

1. e4 e5 2. Nf3 d5 3. Nxe5 Bd6 4. d4 dxe4 5. Nc3 Bxe5 6. dxe5 Qxd1+ 7. Kxd1 Bf5 8. Bb5+ c6 9. Bc4 Nd7 10. Bf4 Ne7 11. Re1 Ng6 12. Nxe4 Bxe4 13. Rxe4 Nxf4 14. Rxf4 Nxe5 15. Re4 0-0-0+ 16. Ke2 Rhe8 17. Bd3 f5 18. Re3 g6 19. h3 Kc7 20. Re1 Nxd3 21. cxd3 Rxe3+ 22. fxe3 Kd6 23. Kf3 h6 24. b4 g5 25. Rb1 a6 26. a4 Kd5 27. b5 cxb5 28. axb5 a5 29. Rc1 a4 30. e4+ fxe4+ 31. dxe4+ Ke5 32. Rc5+ Ke6 33. Rc3 Ra8 34. Ra3 Ke5 35. Kg4 Kxe4 36. Kh5 Kd4 37. Kxh6 Kc4 38. Kxg5 Kxb5 39. h4 Kb4 40. Ra1 a3 41. h5 a2 42. h6 Ka3 43. h7 b5 44. Kg6 b4 45. Kg7 b3 46. Rf1 b2 47. Rf3+ Kb4 48. Rf4+ Kc5 49. Rf5+ Kc4 50. Rf4+ Kd3 51. Rf8 Rxf8 52. Kxf8 b1Q 53. h8Q Qb8+ 54. Kg7 a1Q+ 0-1

[Event "GER-ch Net Amateur Gr-A Vor1"]
[Site "Playchess.com INT"]
[Date "2020.04.14"]
[Round "4"]
[White "Traetmar, Mattis"]
[Black "Hein, Ralf1"]
[Result "1-0"]
[WhiteElo "1837"]
[BlackElo "1697"]
[PlyCount "129"]
[EventDate "2020.04.14"]
[EventType "swiss (blitz)"]
[EventRounds "9"]
[EventCountry "GER"]
[SourceTitle "EXT 2021"]
[Source "ChessBase"]
[SourceDate "2020.10.23"]
[SourceVersion "1"]
[SourceVersionDate "2020.10.23"]
[SourceQuality "1"]

1. e4 e5 2. Nf3 Nc6 3. Bb5 f5 4. Nc3 Nf6 5. d3 Bb4 6. 0-0 Bxc3 7. bxc3 fxe4 8. dxe4 d6 9. Bg5 Qe7 10. Qd3 0-0 11. h3 Bd7 12. Nh4 a6 13. Bc4+ Be6 14. Nf5 Qf7 15. Bxe6 Qxe6 16. Bxf6 Rxf6 17. Rab1 b6 18. Qg3 Rg6 19. Qh4 Re8 20. Rbd1 Ne7 21. Nxe7+ Qxe7 22. Qh5 Qg5 23. Qxg5 Rxg5 24. a4 Rf8 25. c4 a5 26. Rb1 Rf4 27. f3 Rf8 28. Rfd1 Rg6 29. c5 dxc5 30. Rd7 Rc6 31. Re7 c4 32. Rd1 Rd6 33. Rd5 Rxd5 34. exd5 Rd8 35. Rxc7 Rxd5 36. Rxc4 Rd4 37. Rxd4 exd4 38. Kf2 Kf7 39. Ke2 Ke6 40. Kd3 Kd5 41. g4 b5 42. axb5 a4 43. b6 Kc6 44. b7 Kxb7 45. Kxd4 Kb6 46. Kc4 a3 47. Kb3 Kc5 48. Kxa3 Kc4 49. h4 g6 50. Ka4 Kc3 51. Kb5 Kxc2 52. Kc4 Kd2 53. Kd4 Ke2 54. f4 Kf3 55. f5 Kxg4 56. f6 Kxh4 57. f7 g5 58. f8Q h5 59. Ke4 g4 60. Kf4 Kh3 61. Qa3+ Kg2 62. Qg3+ Kh1 63. Kg5 h4 64. Qxh4+ Kg2 65. Kxg4 1-0

[Event "GER-ch Net Amateur Gr-A Vor1"]
[Site "Playchess.com INT"]
[Date "2020.04.14"]
[Round "1"]
[White "Traetmar, Mattis"]
[Black "Loew, Gerald"]
[Result "0-1"]
[WhiteElo "1860"]
[BlackElo "2178"]
[PlyCount "64"]
[EventDate "2020.04.14"]
[EventType "swiss (blitz)"]
[EventRounds "9"]
[EventCountry "GER"]
[SourceTitle "EXT 2021"]
[Source "ChessBase"]
[SourceDate "2020.10.23"]
[SourceVersion "1"]
[SourceVersionDate "2020.10.23"]
[SourceQuality "1"]

1. e4 d6 2. d4 Nf6 3. Nc3 e5 4. Be3 exd4 5. Bxd4 Nc6 6. Be3 Be7 7. Bc4 0-0 8. h3 Be6 9. Bb3 Qd7 10. Nf3 Rad8 11. Qe2 Bxb3 12. axb3 d5 13. Rd1 Bb4 14. exd5 Nxd5 15. 0-0 Bxc3 16. bxc3 Nxc3 17. Qe1 Nxd1 18. Bd2 Rfe8 19. Qxd1 Nd4 20. Ng5 h6 21. Qh5 hxg5 22. Bxg5 Qd5 23. Qh4 Rd6 24. Kh1 Qe4 25. f4 Qe2 26. Rf2 Qe1+ 27. Kh2 Nf5 28. Qg4 Qxf2 29. Qxf5 Rd2 30. Qg4 f5 31. Qg3 Qxg3+ 32. Kxg3 Rxc2 0-1

[Event "GER-ch Net Amateur Gr-A Vor1"]
[Site "Playchess.com INT"]
[Date "2020.04.14"]
[Round "3"]
[White "Wiedenbruch, Paul"]
[Black "Traetmar, Mattis"]
[Result "0-1"]
[WhiteElo "1634"]
[BlackElo "1829"]
[PlyCount "90"]
[EventDate "2020.04.14"]
[EventType "swiss (blitz)"]
[EventRounds "9"]
[EventCountry "GER"]
[SourceTitle "EXT 2021"]
[Source "ChessBase"]
[SourceDate "2020.10.23"]
[SourceVersion "1"]
[SourceVersionDate "2020.10.23"]
[SourceQuality "1"]

1. e4 c5 2. Nf3 a6 3. c3 e6 4. d4 d5 5. e5 Bd7 6. Bd3 Bb5 7. 0-0 Nc6 8. a4 Bxd3 9. Qxd3 h6 10. Bf4 cxd4 11. cxd4 Nge7 12. Nc3 Rc8 13. Rac1 Nf5 14. Na2 Qb6 15. b4 Bxb4 16. Rb1 a5 17. Rfc1 0-0 18. Nxb4 Nxb4 19. Qd2 Qa6 20. Rc3 Rxc3 21. Qxc3 Qc4 22. Qd2 Rc8 23. g4 Ne7 24. Rc1 Qxc1+ 25. Qxc1 Rxc1+ 26. Bxc1 Nec6 27. Bb2 Nd3 28. Bc3 Ncb4 29. Nd2 Kf8 30. Nb3 b6 31. Kf1 Ke7 32. Ke2 Kd7 33. Kd2 Kc6 34. Nc1 Nxf2 35. Bxb4 axb4 36. Na2 b3 37. Nb4+ Kc7 38. Kc3 Nxg4 39. Kxb3 Nxh2 40. Nd3 Nf3 41. Kb4 g5 42. Kb5 h5 43. Nb4 h4 44. Nc6 h3 45. Ne7 h2 0-1

[Event "GER-ch Net blitz qual4"]
[Site "Playchess.com INT"]
[Date "2020.03.23"]
[Round "1"]
[White "Traetmar, Mattis"]
[Black "Bernath, Markus"]
[Result "1-0"]
[WhiteElo "2009"]
[BlackElo "1542"]
[PlyCount "27"]
[EventDate "2020.03.23"]
[EventType "swiss (blitz)"]
[EventRounds "9"]
[EventCountry "GER"]
[SourceTitle "CBM 195 Extra"]
[Source "ChessBase"]
[SourceDate "2020.05.31"]
[SourceVersion "1"]
[SourceVersionDate "2020.05.31"]
[SourceQuality "1"]

1. e4 e5 2. Nf3 Nc6 3. Bb5 a6 4. Ba4 b5 5. Bb3 Nf6 6. 0-0 Bc5 7. Re1 0-0 8. c3 d5 9. exd5 Nxd5 10. a4 b4 11. d4 Be7 12. dxe5 bxc3 13. Qxd5 cxb2 14. Bxb2 1-0

[Event "GER-ch Net blitz qual4"]
[Site "Playchess.com INT"]
[Date "2020.03.23"]
[Round "7"]
[White "Traetmar, Mattis"]
[Black "Richter, Philipp2"]
[Result "0-1"]
[WhiteElo "2009"]
[BlackElo "2105"]
[PlyCount "97"]
[EventDate "2020.03.23"]
[EventType "swiss (blitz)"]
[EventRounds "9"]
[EventCountry "GER"]
[SourceTitle "CBM 195 Extra"]
[Source "ChessBase"]
[SourceDate "2020.05.31"]
[SourceVersion "1"]
[SourceVersionDate "2020.05.31"]
[SourceQuality "1"]

1. e4 e6 2. d4 d5 3. Nc3 Bb4 4. e5 Ne7 5. a3 Bxc3+ 6. bxc3 c5 7. Qg4 Qc7 8. Qxg7 Rg8 9. Qxh7 cxd4 10. Ne2 Nbc6 11. f4 dxc3 12. Qd3 d4 13. Nxd4 Nxd4 14. Qxd4 Bd7 15. Rb1 Nf5 16. Qf2 Bc6 17. Rb3 Bd5 18. Bb5+ Ke7 19. a4 Rxg2 20. Ba3+ Kd8 21. Qf1 Ne3 22. Qd3 Nxc2+ 23. Kf1 Nxa3 24. Rxc3 Nxb5 25. axb5 Qb6 26. Qxd5+ exd5 27. Kxg2 Rc8 28. Rd3 Qxb5 29. Rhd1 Rc2+ 30. Kg3 Rc5 31. f5 Qd7 32. Kg4 Ke7 33. Kg5 a5 34. h4 Qd8 35. h5 Qg8+ 36. Kf4 Rc4+ 37. Rd4 a4 38. h6 Qh7 39. Rxc4 dxc4 40. Rd6 b5 41. f6+ Ke8 42. Ke3 Qxh6+ 43. Kd4 Qd2+ 44. Kc5 Qxd6+ 45. Kxd6 c3 46. e6 c2 47. e7 c1Q 48. Ke5 Qe3+ 49. Kf5 0-1

[Event "GER-ch Net blitz qual3"]
[Site "Playchess.com INT"]
[Date "2020.03.21"]
[Round "8"]
[White "Serbu, Daniel Elias"]
[Black "Traetmar, Mattis"]
[Result "1-0"]
[WhiteElo "2348"]
[BlackElo "2009"]
[PlyCount "95"]
[EventDate "2020.03.21"]
[EventType "swiss (blitz)"]
[EventRounds "9"]
[EventCountry "GER"]
[SourceTitle "CBM 195 Extra"]
[Source "ChessBase"]
[SourceDate "2020.05.31"]
[SourceVersion "1"]
[SourceVersionDate "2020.05.31"]
[SourceQuality "1"]

1. e4 c5 2. c3 d6 3. d4 Nf6 4. Bd3 g6 5. dxc5 dxc5 6. e5 Nd5 7. Be4 Be6 8. c4 Nb4 9. Qxd8+ Kxd8 10. Bxb7 Nc2+ 11. Kd1 Nxa1 12. Bxa8 Bxc4 13. b3 Be6 14. Bb2 Nxb3 15. axb3 Bxb3+ 16. Ke1 e6 17. Ne2 Nd7 18. f4 Nb6 19. Be4 Nc4 20. Bc3 Bg7 21. Nd2 Nxd2 22. Kxd2 Bc4 23. Ra1 a6 24. Bd3 Bd5 25. g3 c4 26. Bc2 h5 27. Rxa6 h4 28. Ke3 hxg3 29. hxg3 Kc8 30. Ra7 Bf8 31. Rxf7 Bc5+ 32. Bd4 Bb4 33. Bxg6 Rh2 34. Bc2 c3 35. Bd3 c2 36. Bxc2 Bc4 37. Bd3 Bd5 38. Bb6 Kb8 39. Ba6 Rh1 40. Rg7 Rh8 41. g4 Rh3+ 42. Kd4 Rh8 43. g5 Re8 44. Nc3 Bf8 45. Rf7 Bb4 46. Nxd5 exd5 47. Kxd5 Be7 48. g6 1-0